| 000 | 01333pam a2200325 a 4500 | ||
|---|---|---|---|
| 001 | 2105489 | ||
| 003 | NUST-PNEC | ||
| 005 | 20170116180739.0 | ||
| 008 | 960223s1996 maua b 001 0 eng | ||
| 010 | _a 96010839 | ||
| 020 | _a0792396863 | ||
| 040 |
_aDLC _cPNEC _dDLC |
||
| 050 | 0 | 0 |
_aTK7895.E96 _bH37 1996 |
| 082 | 0 | 0 | _a621.392 BER |
| 100 |
_91087 _aBerge, Jean-Michel |
||
| 245 | 0 | 0 |
_aHardware component modeling / _cedited by Jean-Michel Bergé,Oz Levia and Jacques Rouillard. |
| 260 |
_aBoston : _bKluwer Academic Publishers, _cc1996. |
||
| 300 |
_axviii, 133 p. : _bill. ; _c25 cm. |
||
| 440 | 0 |
_aCurrent issues in electronic modeling ; _vv. 5 |
|
| 504 | _aIncludes bibliographical references and index. | ||
| 650 | 0 |
_aExpansion boards (Microcomputers) _xEE, EL |
|
| 650 | 0 |
_aElectronic apparatus and appliances – Design and construction—Data processing _911526 |
|
| 700 | 1 | _aBergé, Jean Michel. | |
| 700 | 1 | _aLevia, Oz. | |
| 700 | 1 | _aRouillard, Jacques. | |
| 856 | _uhttp://www.amazon.com/Hardware-Component-Modeling-Current-Electronic/dp/0792396863/ref=sr_1_1?s=books&ie=UTF8&qid=1418151668&sr=1-1&keywords=0792396863 | ||
| 906 |
_a7 _bcbc _corignew _d1 _eocip _f19 _gy-gencatlg |
||
| 942 |
_2ddc _cBK |
||
| 999 |
_c62098 _d62098 |
||